| 000 | 01061nam a2200265Ia 4500 | ||
|---|---|---|---|
| 003 | OSt | ||
| 005 | 20221005104207.0 | ||
| 006 | a|||||r|||| 00| 0 | ||
| 007 | ta | ||
| 008 | 221004b |||||||| |||| 00| 0 san d | ||
| 020 |
_a9788183152877 (hbk) _cINR 1500.00 |
||
| 024 | _a29469 | ||
| 037 |
_b296, 08/03/2017, Eastern Book Linkers _cTextual |
||
| 040 |
_aCRL _cCRL _bsan |
||
| 041 |
_2san _asan |
||
| 082 | _aR, 152Q6 | ||
| 100 | _aदुबे, विजय कान्त, संपा. | ||
| 245 | 0 |
_aअनुप्रयुक्त दर्शनशास्त्र _b विविध आयाम |
|
| 246 | _aAnuprayukta darshanashāstra: vividh āyāma | ||
| 260 |
_aदिल्ली _bन्यू भारतीय बुक कॉरपोरेशन भारत _c2016 |
||
| 300 |
_a622पृ0 _ccm. |
||
| 650 | _aदर्शनशास्त्र | ||
| 942 |
_hR, 152Q6 _cTEXL _2cc |
||
| 999 |
_c1011994 _d1011994 |
||